Niño y grande

Salvato in:
Dettagli Bibliografici
Autore principale: Miro, Gabriel
Natura: Libro
Lingua:Undetermined
Pubblicazione: Buenos Aires, Argentina Editorial Losada 1953
Soggetti:
Tags: Aggiungi Tag
Nessun Tag, puoi essere il primo ad aggiungerne!!

MARC

LEADER 00000nam a2200000Ia 4500
008 170316s9999 xx 000 0 und d
040 |a cru BVZT 
090 |a 862 M-42n 
100 |a Miro, Gabriel 
245 |a Niño y grande 
260 |a Buenos Aires, Argentina 
260 |b Editorial Losada 
260 |c 1953 
300 |a 130 páginas 
650 |a LITERATURA ESPAÑOLA 
942 |c 15 D 
999 |c 10162  |d 10162